Know how: Students book opener

محفوظ في:
التفاصيل البيبلوغرافية
التنسيق: كتاب
الوسوم: إضافة وسم
لا توجد وسوم, كن أول من يضع وسما على هذه التسجيلة!
Thư viện lưu trữ: Mạng thư viện Đại học Đà Nẵng
LEADER 00417nam a22001691a 4500
001 000037234
003 13529
005 20160412020318.0
008 160412s0 000
082 |a 4A(07)193 
245 |a Know how: Students book opener  |c Therese Naber 
OWN |a LNN 
999 |a From the UDN01 
TYP |a Monograph 
980 |a Mạng thư viện Đại học Đà Nẵng